Todos los domingos

Guardat en:
Dades bibliogràfiques
Autor principal: Zúñiga Díaz, Francisco
Format: Llibre
Idioma:Undetermined
Publicat: San José, Costa Rica Editorial Costa Rica 1983
Matèries:
Etiquetes: Afegir etiqueta
Sense etiquetes, Sigues el primer a etiquetar aquest registre!

MARC

LEADER 00000nam a2200000Ia 4500
008 170316s9999 xx 000 0 und d
999 |c 30722  |d 30722 
040 |a cru BVZT 
090 |a 868 Z-6t 
100 |a Zúñiga Díaz, Francisco 
245 |a Todos los domingos 
260 |a San José, Costa Rica 
260 |b Editorial Costa Rica 
260 |c 1983 
300 |a 101 páginas 
650 |a LITERATURA COSTARRICENSE  |9 17 
650 |a CUENTO  |9 19 
942 |c 15 D  |h 868 Z-6t  |2 z